000
00249nam a2200109Ia 4500
008
200302s9999 xx 000 0 und d
100
_a
Jtart
245
_a
World architecture Urban complex
260
_b
Pace Books Ltd
260
_c
2013
300
_a
353
999
_c
6223
_d
6223